[Event "CZE-ch"]
[Site "Ledec nad Sazavou"]
[Date "2013.05.23"]
[Round "3"]
[White "Navara, David"]
[Black "Zilka, Stepan"]
[Result "1-0"]
[WhiteElo "2697"]
[BlackElo "2525"]
[PlyCount "101"]
[EventDate "2013.05.21"]
[EventType "tourn"]
[EventRounds "9"]
[EventCountry "CZE"]
[EventCategory "12"]
[SourceTitle "CBM 154 Extra"]
[Source "ChessBase"]
[SourceDate "2013.06.25"]
[SourceVersion "2"]
[SourceVersionDate "2013.06.25"]
[SourceQuality "1"]

1. e4 c5 2. Nf3 e6 3. d3 Nc6 4. g3 g6 5. Bg2 Bg7 6. O-O Nge7 7. c3 d5 8. Nbd2 Qc7 9. Re1 b6 10. h4 ({RR} 10. exd5 exd5 11. Nb3 Bf5 12. Bf4 Qd7 13. d4 c4 14. Nbd2 O-O 15. Qa4 Rfe8 16. b3 cxb3 17. axb3 h6 18. h4 a6 19. Qa3 Be6 20. Ne5 Nxe5 21. Bxe5 Nc6 22. Bxg7 Kxg7 23. Nf3 a5 24. Ne5 Nxe5 {Bortnyk,O (2567)-Stupak,K (2560) Tashkent 2017 ½-½ (44)}) 10... Bb7 $146 ({RR} 10... h6 11. Nf1 Bb7 12. Qe2 Qd7 13. Bf4 O-O-O 14. Red1 d4 15. c4 g5 16. hxg5 Ng6 17. Bd2 hxg5 18. Nxg5 f6 19. Nf3 Rdg8 20. a3 Bh6 {½-½ (20) Bierkens,P (2161)-Bonin,J (2404) New York 2001}) ({RR} 10... h6 11. Nf1 d4 12. cxd4 Nxd4 13. Nxd4 Bxd4 14. Be3 Nc6 15. Rb1 e5 16. Bd2 Kf8 17. Ne3 Bxe3 18. Bxe3 Kg7 19. a3 a5 20. Qa4 Ba6 21. Red1 Rhd8 22. Bf1 h5 23. Qc2 Qd6 24. Qc3 Bc8 25. f3 {Risteski,E (2374)-Rustemov,A (2525) Chess.com INT 2022 0-1 (66)}) 11. Qe2 O-O-O 12. e5 h6 13. Nf1 Kb8 14. N1h2 d4 15. c4 g5 16. h5 Nf5 17. a3 Bf8 18. Rb1 Ng7 19. Nd2 Be7 20. Ndf1 a5 21. Bd2 Rc8 22. b3 Rhd8 23. Rb2 Bf8 24. g4 Ne8 25. Ng3 Ka7 26. Bxc6 Qxc6 27. f3 Nc7 28. b4 Qa4 29. b5 Be7 30. Ne4 Rg8 31. Nd6 Bxd6 32. exd6 Na8 33. Ra1 e5 34. Qxe5 Rge8 35. Qf5 Re6 36. Qxf7 Rxd6 37. f4 Rc7 38. Qf8 Re6 39. fxg5 Re2 40. Qf1 Rg2+ 41. Qxg2 Bxg2 42. Kxg2 hxg5 43. Nf3 Rc8 44. h6 Nc7 45. Bxg5 Nxb5 46. cxb5 c4 47. dxc4 d3 48. Kh3 Qxc4 49. Rc1 Qd5 50. Rxc8 Qxf3+ 51. Kh4 1-0

[Event "Albena Masters op"]
[Site "Albena"]
[Date "2013.06.08"]
[Round "8"]
[White "Petrosian, Tigran L"]
[Black "Chatalbashev, Boris"]
[Result "1-0"]
[WhiteElo "2649"]
[BlackElo "2560"]
[PlyCount "81"]
[EventDate "2013.06.01"]
[EventType "swiss"]
[EventRounds "9"]
[EventCountry "BUL"]
[SourceTitle "CBM 154 Extra"]
[Source "ChessBase"]
[SourceDate "2013.06.25"]
[SourceVersion "2"]
[SourceVersionDate "2013.06.25"]
[SourceQuality "1"]

1. Nf3 g6 2. g3 Bg7 3. Bg2 e5 4. O-O Nc6 5. c4 f5 6. Nc3 Nf6 7. d4 e4 8. Ne5 $146 ({RR} 8. Ne1 O-O 9. Nc2 d5 10. b3 Be6 11. Ba3 Re8 12. Ne3 Bf7 13. cxd5 Ne7 14. d6 cxd6 15. Nc4 Rc8 16. Nb5 d5 17. Ncd6 Qa5 18. Nxf7 Qxb5 19. Nd6 Qa5 20. Nxe8 Qxa3 21. Nxg7 Kxg7 22. Qd2 Nc6 {Altounian,L (2429)-Diamant,A (2505) Lubbock 2011 ½-½ (64)}) 8... Ne7 9. c5 d6 10. Qa4+ Bd7 11. Nxd7 Qxd7 12. Qb3 d5 13. Qxb7 O-O 14. Bf4 Nc6 15. Qxc7 Nxd4 16. Rfd1 Qxc7 17. Bxc7 Ne8 18. Bf4 Rc8 19. Be3 Nc2 20. Nxd5 Rf7 21. Rab1 Nxe3 22. Nxe3 Rxc5 23. b4 Rc8 24. a4 Nf6 25. b5 Bh6 26. Nd5 Nxd5 27. Rxd5 Rfc7 28. e3 Bf8 29. Bf1 Kf7 30. a5 Ke6 31. Rd2 Rc1 32. Rxc1 Rxc1 33. Ra2 Bc5 34. b6 Rb1 35. Kg2 Rb4 36. Ba6 h5 37. h4 Kd7 38. Bb7 Kd6 39. Rd2+ Ke7 40. Bc6 Ke6 41. Rc2 1-0

[Event "Kiev rapid"]
[Site "Kiev"]
[Date "2013.06.05"]
[Round "3"]
[White "Eljanov, Pavel"]
[Black "Karjakin, Sergey"]
[Result "1-0"]
[WhiteElo "2707"]
[BlackElo "2782"]
[PlyCount "65"]
[EventDate "2013.06.05"]
[EventType "tourn (rapid)"]
[EventRounds "9"]
[EventCountry "UKR"]
[EventCategory "19"]
[SourceTitle "CBM 154 Extra"]
[Source "ChessBase"]
[SourceDate "2013.06.25"]
[SourceVersion "2"]
[SourceVersionDate "2013.06.25"]
[SourceQuality "1"]

1. Nf3 Nf6 2. g3 d5 3. Bg2 c6 4. O-O Bg4 5. h3 Bh5 6. c4 e6 7. Qb3 Qc8 8. Nc3 Be7 9. d4 O-O 10. Bf4 Nbd7 11. Rac1 Nb6 12. cxd5 $146 ({RR} 12. Ne5 dxc4 13. Nxc4 Nbd5 14. Rfe1 Nxf4 15. gxf4 Rd8 16. e3 Nd5 17. a3 Bf8 18. Ne4 Qc7 19. Ng3 Bg6 20. Ne5 Qb6 21. Qxb6 axb6 22. h4 f6 23. Nxg6 hxg6 24. h5 gxh5 25. Nxh5 Kf7 26. Ng3 g6 {Kurdakov,Y (2282)-Ageichenko,G (2402) Moscow 2007 ½-½ (59)}) 12... exd5 13. Ne5 Re8 14. a4 Bd8 15. g4 Bg6 16. Bg3 Bc7 17. f4 Ne4 18. Bxe4 Bxe5 19. fxe5 dxe4 20. a5 Nd5 21. Nxd5 Qe6 22. Nf6+ gxf6 23. Qe3 f5 24. Bh4 f6 25. Bxf6 fxg4 26. Qh6 Re7 27. Bxe7 Qxe7 28. Rf6 Qd7 29. Rcf1 Qxd4+ 30. Kh1 Qb4 31. Rxg6+ hxg6 32. Qxg6+ Kh8 33. Qh5+ 1-0

[Event "Wch Rapid"]
[Site "Khanty-Mansiysk"]
[Date "2013.06.06"]
[Round "5"]
[White "Riazantsev, Alexander"]
[Black "Rublevsky, Sergei"]
[Result "1-0"]
[WhiteElo "2708"]
[BlackElo "2695"]
[PlyCount "123"]
[EventDate "2013.06.06"]
[EventType "swiss (rapid)"]
[EventRounds "15"]
[EventCountry "RUS"]
[SourceTitle "CBM 154 Extra"]
[Source "ChessBase"]
[SourceDate "2013.06.25"]
[SourceVersion "2"]
[SourceVersionDate "2013.06.25"]
[SourceQuality "1"]

1. Nf3 d5 2. e3 Nf6 3. b3 Bf5 4. Bb2 e6 5. c4 h6 6. cxd5 exd5 7. Be2 Be7 8. O-O O-O 9. a3 Re8 $146 ({RR} 9... Nbd7 10. d3 c6 11. Nbd2 Bh7 12. Re1 Re8 13. Bf1 Bd6 14. Qc2 Qc7 15. Rac1 Rac8 16. Qb1 Qb8 17. Qa1 Bf8 18. b4 a6 19. Rcd1 Rcd8 20. Qa2 Bd6 21. Nb3 Ng4 22. g3 Nge5 23. Nxe5 Nxe5 24. Kg2 {Stroessner,L (1700)-Mijatovic,A (1826) Willingen 2007 1-0 (67)}) 10. d3 c6 11. Nbd2 Nbd7 12. b4 a5 13. Bc3 axb4 14. axb4 Qb6 15. Qb3 Bg4 16. h3 Bh5 17. Qb2 Nf8 18. Rfb1 Ne6 19. Bf1 Bg6 20. Nd4 Nxd4 21. Bxd4 Qb5 22. Ra3 Rxa3 23. Qxa3 Nd7 24. Qc3 Bf8 25. Qa3 Qa6 26. Qxa6 bxa6 27. Rb3 Rb8 28. Bc3 Nb6 29. Ra3 d4 30. Bxd4 Nd5 31. Bc5 Nxb4 32. Bxf8 Kxf8 33. d4 f6 34. Bc4 Bf7 35. Bxf7 Kxf7 36. Ne4 Ke7 37. g4 Rb5 38. Ra4 Rb6 39. Kg2 Ke6 40. Ra5 Nd3 41. Kf3 Nb4 42. Nc3 g6 43. Ne4 f5 44. gxf5+ gxf5 45. Re5+ Kd7 46. Rxf5 Rb5 47. Nc5+ Ke7 48. Rh5 Nd3 49. Rxh6 Nxc5 50. dxc5 Rxc5 51. Rh7+ Kf6 52. Ra7 a5 53. h4 Rb5 54. Kf4 c5 55. e4 c4 56. Rc7 Rb4 57. h5 Rb2 58. f3 a4 59. Rxc4 a3 60. Ra4 a2 61. Ra7 Rh2 62. h6 1-0

[Event "Wch Rapid"]
[Site "Khanty-Mansiysk"]
[Date "2013.06.08"]
[Round "14"]
[White "Ponomariov, Ruslan"]
[Black "Najer, Evgeniy"]
[Result "1-0"]
[WhiteElo "2743"]
[BlackElo "2633"]
[PlyCount "85"]
[EventDate "2013.06.06"]
[EventType "swiss (rapid)"]
[EventRounds "15"]
[EventCountry "RUS"]
[SourceTitle "CBM 154 Extra"]
[Source "ChessBase"]
[SourceDate "2013.06.25"]
[SourceVersion "2"]
[SourceVersionDate "2013.06.25"]
[SourceQuality "1"]

1. Nf3 d5 2. g3 g6 3. Bg2 Bg7 4. c4 dxc4 5. Qa4+ Nc6 6. Qxc4 Nf6 7. Nc3 O-O 8. d3 e5 9. O-O h6 10. Be3 $146 ({RR} 10. Qh4 Ne8 11. Qxd8 Nxd8 12. Be3 Ne6 13. Rfc1 c6 14. b4 Nd6 15. Rab1 Bd7 16. Na4 Nb5 17. Nc5 Nxc5 18. bxc5 Rab8 19. a4 Nc7 20. d4 Bf5 21. Rb2 Nd5 22. Nxe5 Nxe3 23. fxe3 Bxe5 24. dxe5 Rfe8 {Petran,P (2302)-Fercec,N (2436) Pula 2018 ½-½ (55)}) 10... Re8 11. Rac1 Be6 12. Qa4 Nd5 13. Nxd5 Bxd5 14. Rc5 Ne7 15. Rfc1 c6 16. Bd2 b6 17. R5c2 c5 18. Qh4 g5 19. Qa4 Ng6 20. Ne1 a5 21. a3 Bxg2 22. Nxg2 f5 23. Qb5 a4 24. b3 axb3 25. Qxb3+ Kh7 26. Rb1 e4 27. dxe4 Rxe4 28. Bc3 Bxc3 29. Qxc3 Rd4 30. Ne3 f4 31. Nf5 Rd1+ 32. Kg2 Qd5+ 33. f3 Ra7 34. Rxd1 Qxd1 35. Rd2 Qb1 36. Qf6 fxg3 37. hxg3 Qe1 38. Qxb6 Rg7 39. Qf6 Ra7 40. Rb2 c4 41. Qe6 g4 42. fxg4 Qa5 43. Rb8 1-0

[Event "Wch Blitz 7th"]
[Site "Khanty-Mansiysk"]
[Date "2013.06.09"]
[Round "1"]
[White "Khismatullin, Denis Rimovich"]
[Black "Salem, AR Saleh"]
[Result "1-0"]
[WhiteElo "2658"]
[BlackElo "2531"]
[PlyCount "146"]
[EventDate "2013.06.09"]
[EventType "swiss (blitz)"]
[EventRounds "30"]
[EventCountry "RUS"]
[SourceTitle "CBM 154 Extra"]
[Source "ChessBase"]
[SourceDate "2013.06.25"]
[SourceVersion "2"]
[SourceVersionDate "2013.06.25"]
[SourceQuality "1"]

1. Nf3 c5 2. b3 d6 3. Bb2 e5 4. g3 ({RR} 4. d3 Nc6 5. g3 g6 6. Bg2 Bg7 7. c4 Nge7 8. Nc3 h6 9. Nd2 Be6 10. O-O O-O 11. a3 d5 12. Qc2 b6 13. Rfb1 d4 14. Na2 a5 15. Bc1 Qd7 16. b4 axb4 17. axb4 cxb4 18. Nb3 Bh3 {Radjabov,T (2793)-Grischuk,A (2764) Beijing 2012 0-1 (39)}) 4... Nc6 ({RR} 4... g6 5. Bg2 Bg7 6. O-O Ne7 7. c4 Nbc6 8. Nc3 O-O 9. e3 f5 10. a3 h6 11. Qc2 Be6 12. Rad1 Bf7 13. Qb1 g5 14. d3 Ng6 15. Nd5 g4 16. Nd2 h5 17. f3 Nce7 18. fxg4 Nxd5 19. cxd5 {Khismatullin,D (2658)-Kurnosov,I (2657) Khanty-Mansiysk 2013 1-0 (32)}) 5. Bg2 Be7 $146 ({RR} 5... f5 6. O-O Nf6 7. c4 g6 8. Nc3 Bg7 9. Ne1 O-O 10. Nc2 Be6 11. Ne3 Qd7 12. f4 e4 13. d3 Rfe8 14. Rb1 Nd4 15. Re1 Rad8 16. dxe4 fxe4 17. Nc2 Nxc2 18. Qxc2 e3 19. Rbd1 Bf5 20. Qc1 {Prohaszka,P (2554)-Zelbel,P (2385) Stroebeck 2013 1-0 (60)}) ({RR} 5... g6 6. e3 Bg7 7. d4 cxd4 8. exd4 e4 9. Nfd2 d5 10. Nf1 Nf6 11. Ne3 Be6 12. O-O O-O 13. c4 Qd7 14. Nc3 Rfe8 15. Rc1 Rad8 16. cxd5 Nxd5 17. Nxe4 Bh3 18. Nxd5 Qxd5 19. Nf6+ Bxf6 20. Bxd5 {Boyer,M (2531)-Ozates,T (2225) chess.com INT 2025 1-0}) ({RR} 5... g6 6. O-O Bg7 7. c4 Nge7 8. Nc3 O-O 9. Ne1 Be6 10. Nc2 Qd7 11. Ne3 f5 12. Ned5 f4 13. e3 f3 14. Bxf3 Rxf3 15. Qxf3 Bg4 16. Qh1 Nxd5 17. Qxd5+ Be6 18. Qe4 Bf5 19. Qd5+ Be6 20. Qh1 {Trost,E (2364)-Toncheva,N (2192) chess.com INT 2023 1-0 (62)}) 6. O-O Nf6 7. c4 O-O 8. Nc3 h6 9. e3 Bf5 10. d4 Re8 11. dxe5 dxe5 12. Nd5 Bf8 13. Nd2 Bd3 14. Nxf6+ Qxf6 15. Ne4 Qd8 16. Re1 Nb4 17. Rc1 Nxa2 18. Ra1 Nb4 19. Rc1 f5 20. Nc3 e4 21. f3 Qg5 22. Ba3 Rad8 23. Bxb4 cxb4 24. Nd5 a5 25. Kh1 Kh8 26. Ra1 Ra8 27. Nc7 b6 28. Nxa8 Rxa8 29. Qd2 Bc5 30. Qf2 Re8 31. Rad1 exf3 32. Rxd3 fxg2+ 33. Kxg2 Kh7 34. Rd5 Rxe3 35. Rxe3 Bxe3 36. Qxf5+ Qxf5 37. Rxf5 Bc5 38. Kf3 Kg6 39. Rd5 Kf6 40. Ke4 Ke6 41. g4 Bd6 42. h3 Bc5 43. Rd8 Ke7 44. Rb8 Kf6 45. Rb7 g6 46. h4 Bf2 47. Kd5 a4 48. Ra7 axb3 49. Ra1 Bxh4 50. Rb1 Kg5 51. Rxb3 Be1 52. Kc6 Kxg4 53. Kxb6 h5 54. c5 h4 55. c6 Bg3 56. Rxg3+ hxg3 57. c7 g2 58. c8=Q+ Kg3 59. Qc1 b3 60. Kc5 b2 61. Qg1 b1=Q 62. Qxb1 Kh2 63. Qc2 Kh1 64. Qe4 g5 65. Kd4 Kh2 66. Qe2 Kg3 67. Qe1+ Kh2 68. Qe2 Kg3 69. Qe5+ Kf2 70. Qf5+ Ke1 71. Qg4 Kf1 72. Kd3 Kg1 73. Ke2 Kh1 1-0

[Event "Wch Blitz 7th"]
[Site "Khanty-Mansiysk"]
[Date "2013.06.09"]
[Round "4"]
[White "Khismatullin, Denis Rimovich"]
[Black "Najer, Evgeniy"]
[Result "1-0"]
[WhiteElo "2658"]
[BlackElo "2633"]
[PlyCount "93"]
[EventDate "2013.06.09"]
[EventType "swiss (blitz)"]
[EventRounds "30"]
[EventCountry "RUS"]
[SourceTitle "CBM 154 Extra"]
[Source "ChessBase"]
[SourceDate "2013.06.25"]
[SourceVersion "2"]
[SourceVersionDate "2013.06.25"]
[SourceQuality "1"]

1. Nf3 {Horn,Peter} d5 2. b3 Bf5 3. Bb2 Nf6 4. Bxf6 ({RR} 4. g3 e6 5. d3 Be7 6. Nbd2 O-O ({RR} 6... h6) 7. Nh4 Bg4 8. h3 Bh5 9. g4 Nfd7 10. Ng2 Bg6 11. e3 ({RR} 11. Nf4) 11... e5 ({RR} 11... Bf6 12. Bxf6 Qxf6 13. f4) 12. Qf3 c6 ({RR} 12... e4 13. dxe4 dxe4 14. Nxe4 Bxe4 15. Qxe4 Bf6) 13. h4 h6 ({RR} 13... f6) 14. Qg3 Re8 ({RR} 14... f5) 15. Be2 Bb4 ({RR} 15... e4 16. Nf4 Bd6 ({RR} 16... Bh7 17. g5) 17. g5) ({RR} 15... a5) 16. a3 Bxd2+ 17. Kxd2 c5 18. f4 exf4 {Norwood,D (2545)-Polgar,S (2500) Bermuda 1995 CBM 046 [Horn,Peter] 1-0} ({RR} 18... f6 19. g5) ({RR} 18... d4 19. f5 Bh7 20. Bf3)) 4... exf6 5. e3 ({RR} 5. g3 g6 6. Bg2 Bg7 7. O-O O-O 8. d4 c6 9. e3 a5 10. c4 Be4 11. Nc3 f5 12. cxd5 cxd5 13. Qe2 Nc6 14. Rfc1 Rc8 15. Ne1 Bxg2 16. Nxg2 Ne7 17. Qb5 Rc6 18. Nf4 Qc7 19. Nce2 Rc8 {Rangel,D (2200)-Manteiga,F (2029) chess.com INT 2024 1-0 (61)}) 5... Bd6 $146 ({RR} 5... Nc6 6. Nh4 Be6 7. d4 g6 8. Be2 h5 9. O-O g5 10. Nf3 g4 11. Nfd2 f5 12. c4 Qg5 13. Nc3 O-O-O 14. cxd5 Bxd5 15. Nxd5 Rxd5 16. Bc4 Rd6 17. Qe2 Bh6 18. Bxf7 Qe7 19. d5 Nd4 20. Qd3 {Principe,G (2213)-Nunez Villazana,N (1930) Lima PER 2023 1-0 (38)}) ({RR} 5... Be7 6. d4 O-O 7. Bd3 Bg6 8. O-O Nd7 9. c4 dxc4 10. bxc4 c6 11. Nc3 Bh5 12. Rb1 Qc7 13. c5 Rab8 14. Qc2 Bxf3 15. gxf3 g6 16. f4 f5 17. Rb3 Nf6 18. Rfb1 b6 19. cxb6 axb6 20. Be2 {Popchev,M (2426)-Pantev,V (2408) Sunny Beach 2013 0-1 (97)}) 6. c4 dxc4 7. Bxc4 O-O 8. O-O Nd7 9. d4 Bg4 10. h3 Bh5 11. Nbd2 c6 12. Bd3 Qe7 13. Qc2 Bxf3 14. Nxf3 g6 15. Rfe1 Rac8 16. Rac1 Ba3 17. Rcd1 Bb4 18. Re2 Kg7 19. Qb2 Rfd8 20. Rc2 Nb6 21. Bf1 Ba3 22. Qa1 Nd5 23. Ne1 f5 24. Nd3 Re8 25. Re2 Rcd8 26. g3 Nf6 27. Bg2 Kg8 28. Qb1 h5 29. b4 a5 30. bxa5 Ra8 31. Ne5 Rec8 32. Nc4 Ra7 33. Rd3 Bd6 34. Rb3 Rc7 35. h4 Kg7 36. Bf3 Ne8 37. Reb2 Qd7 38. d5 cxd5 39. Nb6 Qe6 40. Nxd5 Rd7 41. Rxb7 Rxa5 42. Rxd7 Qxd7 43. Rb7 Qe6 44. Qb2+ Be5 45. Qb3 Nf6 46. Nxf6 Qxf6 47. Bd5 1-0

[Event "Wch Blitz 7th"]
[Site "Khanty-Mansiysk"]
[Date "2013.06.09"]
[Round "10"]
[White "Akopian, Vladimir Eduardovic"]
[Black "Vasquez Schroder, Rodrigo Rafael"]
[Result "1-0"]
[WhiteElo "2691"]
[BlackElo "2542"]
[PlyCount "139"]
[EventDate "2013.06.09"]
[EventType "swiss (blitz)"]
[EventRounds "30"]
[EventCountry "RUS"]
[SourceTitle "CBM 154 Extra"]
[Source "ChessBase"]
[SourceDate "2013.06.25"]
[SourceVersion "2"]
[SourceVersionDate "2013.06.25"]
[SourceQuality "1"]

1. Nf3 d5 2. g3 Bg4 3. Bg2 Nd7 4. O-O c6 5. d3 e5 6. e4 dxe4 7. dxe4 Ngf6 8. Nbd2 Be7 9. h3 Bh5 10. Qe1 Bxf3 11. Bxf3 O-O 12. Nc4 Qc7 13. a4 b6 $146 ({RR} 13... Rfe8 14. a5 b5 15. axb6 axb6 16. Rb1 b5 17. Ne3 g6 18. h4 h5 19. b4 Nf8 20. c4 Ne6 21. c5 Nd4 22. Bg2 Bf8 23. Bb2 Bg7 24. f4 Nxe4 25. f5 Nxg3 26. fxg6 Nxf1 27. Qxf1 e4 28. Nf5 {Shoker,S (2474)-Sevian,S (2484) Saint Louis 2014 0-1}) ({RR} 13... Nc5 14. Bd2 Ne6 15. Ba5 b6 16. Bc3 Nd7 17. h4 Bc5 18. Kg2 Bd4 19. Bb4 Bc5 20. Bd2 Nd4 21. Bd1 a5 22. c3 Ne6 23. Bb3 Nf6 24. Qe2 b5 25. Na3 b4 26. Nc2 bxc3 27. bxc3 Rab8 28. Rab1 {Bosboom,M (2418)-Pavlov,M (2016) Amsterdam 2019 1-0 (46)}) 14. Kg2 a6 15. Bd2 b5 16. Ba5 Qb8 17. Ne3 g6 18. Bc3 Qc7 19. b3 Nc5 20. Ng4 Ncd7 21. Qe2 h5 22. Nxf6+ Nxf6 23. Rfd1 Rfd8 24. Rxd8+ Rxd8 25. axb5 axb5 26. Ba5 Qb8 27. Bxd8 Bxd8 28. Qd3 Bb6 29. b4 Kg7 30. h4 Qc7 31. c3 Qe7 32. Rd1 Bc7 33. Rd2 Qe6 34. Bd1 Kg8 35. Qb1 Qc4 36. Qd3 Qe6 37. f3 Kg7 38. Qb1 Bb6 39. Bb3 Qe7 40. Qd1 Qc7 41. Qe2 Ba7 42. Ra2 Qb6 43. Ra1 Kf8 44. Qd2 Kg7 45. Rf1 Qc7 46. Qa2 c5 47. bxc5 Bxc5 48. Qd2 Bb6 49. Bd5 Qc5 50. Ba2 Ba5 51. Rc1 Bb6 52. Qc2 Qe3 53. Rd1 Bc5 54. Qd2 Qxd2+ 55. Rxd2 b4 56. cxb4 Bxb4 57. Rb2 Be7 58. Rb5 Kf8 59. Rxe5 Nd7 60. Rb5 Nc5 61. Kf2 Bd6 62. Kg2 Be7 63. Ra5 Nd3 64. Ra8+ Kg7 65. f4 Bc5 66. Rc8 Bb6 67. Rb8 Bd4 68. Rb7 Nc5 69. Rxf7+ Kh6 70. e5 1-0

[Event "Wch Blitz 7th"]
[Site "Khanty-Mansiysk"]
[Date "2013.06.09"]
[Round "12"]
[White "Inarkiev, Ernesto"]
[Black "Dubov, Daniil"]
[Result "1-0"]
[WhiteElo "2680"]
[BlackElo "2638"]
[PlyCount "99"]
[EventDate "2013.06.09"]
[EventType "swiss (blitz)"]
[EventRounds "30"]
[EventCountry "RUS"]
[SourceTitle "CBM 154 Extra"]
[Source "ChessBase"]
[SourceDate "2013.06.25"]
[SourceVersion "2"]
[SourceVersionDate "2013.06.25"]
[SourceQuality "1"]

1. Nf3 d5 2. g3 g6 3. c4 d4 ({RR} 3... Bg7 4. cxd5 Qxd5 5. Nc3 Qd8 6. Bg2 c5 7. d3 Nh6 8. O-O Nf5 9. Bd2 Nd7 10. Rc1 Rb8 11. a3 b6 12. Qa4 Bb7 13. Bf4 Ra8 14. b4 O-O 15. Ne4 cxb4 16. axb4 Nf6 17. Rfd1 Nd5 18. Bd2 {Grandelius,N (2655)-Nakamura,H (2760) Chess.com INT 2022 0-1 (38)}) 4. e3 ({RR} 4. Bg2 c5 5. O-O Nc6 6. e3 Bg7 7. exd4 Nxd4 8. Nxd4 Bxd4 9. Nc3 Nf6 10. Nb5 O-O 11. Nxd4 Qxd4 12. d3 Rd8 13. Be3 Qxd3 14. Qxd3 Rxd3 15. Bxc5 Kf8 16. Rad1 Rxd1 17. Rxd1 Be6 18. b3 Rb8 {Kiremitciyan,A (2271)-Indusekar,A (2004) chess.com INT 2025 1-0 (58)}) 4... dxe3 5. fxe3 Bg7 6. d4 $146 ({RR} 6. Bg2 Nf6 7. Nc3 O-O 8. O-O c5 9. Na4 Qc7 10. b3 Bf5 11. Bb2 Bd3 12. Re1 Nbd7 13. Bc3 b5 14. Nb2 bxc4 15. Nxc4 Nb6 16. Rc1 Nxc4 17. bxc4 Be4 18. Qa4 Nd7 19. Bxg7 Kxg7 20. Qa3 Rab8 {Giffard,N (2395)-Ekstroem,R (2490) France 1998 ½-½ (60)}) 6... Nf6 7. Bg2 O-O 8. O-O c5 9. Nc3 Nc6 10. d5 Na5 11. Qd3 a6 12. e4 b5 13. e5 Bf5 14. Qe2 Nd7 15. b3 bxc4 16. bxc4 Nb6 17. Bf4 Nbxc4 18. Rad1 Rb8 19. Na4 Rb4 20. Nxc5 Rb2 21. Nd2 Qb6 22. Qf2 Nxe5 23. h3 Nd3 24. Nxd3 Bd4 25. Nxb2 Bxf2+ 26. Rxf2 Qxb2 27. Nb3 Qa3 28. d6 Rd8 29. Bc1 Qa4 30. Rd4 Qc6 31. Bxc6 Nxc6 32. dxe7 Re8 33. Rd6 Nxe7 34. Re2 Bxh3 35. Bg5 Be6 36. Bxe7 Rxe7 37. Nc5 Rc7 38. Nxe6 fxe6 39. Rxa6 Rc3 40. Kg2 Kg7 41. Raxe6 Kh6 42. R6e3 Rc4 43. a3 Ra4 44. Rb2 Kh5 45. Rb4 Ra5 46. a4 g5 47. g4+ Kg6 48. Re6+ Kf7 49. Rc6 Ra7 50. a5 1-0

[Event "Wch Blitz 7th"]
[Site "Khanty-Mansiysk"]
[Date "2013.06.09"]
[Round "13"]
[White "Inarkiev, Ernesto"]
[Black "Riazantsev, Alexander"]
[Result "1-0"]
[WhiteElo "2680"]
[BlackElo "2708"]
[PlyCount "92"]
[EventDate "2013.06.09"]
[EventType "swiss (blitz)"]
[EventRounds "30"]
[EventCountry "RUS"]
[SourceTitle "CBM 154 Extra"]
[Source "ChessBase"]
[SourceDate "2013.06.25"]
[SourceVersion "2"]
[SourceVersionDate "2013.06.25"]
[SourceQuality "1"]

1. Nf3 d5 2. g3 c6 3. Bg2 Bf5 4. O-O e6 5. c4 dxc4 6. a4 Nd7 ({RR} 6... Nf6 7. Na3 Bxa3 8. Rxa3 Be4 9. b3 cxb3 10. Rxb3 c5 11. Ba3 Nbd7 12. d4 b6 13. dxc5 Nxc5 14. Qxd8+ Rxd8 15. Bxc5 bxc5 16. Rc1 Nd7 17. Ng5 Bxg2 18. Kxg2 Ke7 19. Rb7 Rb8 20. Rxa7 Ra8 21. Rc7 {Artemiev,V (2671)-Riazantsev,A (2671) Sochi 2015 1-0 (51)}) 7. Na3 Bxa3 8. Rxa3 Ne7 $146 ({RR} 8... Ngf6 9. Nh4 O-O 10. Nxf5 exf5 11. Qc2 Re8 12. Re3 Qa5 13. Qxc4 Nb6 14. Qc2 Ng4 15. Rxe8+ Rxe8 16. e3 Nxa4 17. b3 Nb6 18. Bb2 Qb5 19. h3 Nf6 20. Ra1 Ne4 21. d3 Nf6 22. Rxa7 Nc8 23. Ra4 {So,W (2789)-Aronian,L (2780) Leuven 2017 1-0 (85)}) 9. Rc3 Nb6 10. a5 Nd7 11. Qa4 O-O 12. Qa3 b5 13. axb6 axb6 14. Qd6 b5 15. Nd4 Nf6 16. Qxd8 Rfxd8 17. Nxc6 Nxc6 18. Bxc6 Rab8 19. f3 Rb6 20. Be4 Bxe4 21. fxe4 Nxe4 22. Rc2 f5 23. b3 cxb3 24. Rb2 Nc5 25. d3 Rc6 26. Be3 Na4 27. Rxb3 Nc3 28. Kf2 Rb8 29. Bd4 Nd5 30. Ra1 Rb7 31. Rab1 b4 32. e4 fxe4 33. dxe4 Rc2+ 34. Kg1 Nf6 35. Bxf6 gxf6 36. Rxb4 Rxb4 37. Rxb4 Re2 38. h3 Kf7 39. Kf1 Rh2 40. h4 Kg6 41. Rb5 e5 42. Rb7 Ra2 43. Rb4 Rc2 44. g4 h6 45. Kg1 Re2 46. Ra4 Rc2 1-0

[Event "Wch Blitz 7th"]
[Site "Khanty-Mansiysk"]
[Date "2013.06.09"]
[Round "13"]
[White "Khismatullin, Denis Rimovich"]
[Black "Kurnosov, Igor"]
[Result "1-0"]
[WhiteElo "2658"]
[BlackElo "2657"]
[PlyCount "63"]
[EventDate "2013.06.09"]
[EventType "swiss (blitz)"]
[EventRounds "30"]
[EventCountry "RUS"]
[SourceTitle "CBM 154 Extra"]
[Source "ChessBase"]
[SourceDate "2013.06.25"]
[SourceVersion "2"]
[SourceVersionDate "2013.06.25"]
[SourceQuality "1"]

1. Nf3 c5 2. b3 d6 3. Bb2 e5 4. g3 g6 5. Bg2 Bg7 6. O-O Ne7 7. c4 Nbc6 8. Nc3 O-O 9. e3 ({RR} 9. d3 h6 10. Nd2 Be6 11. Nd5 Rb8 12. a3 b5 13. Nxe7+ Nxe7 14. Qc2 Qd7 15. a4 bxc4 16. bxc4 Nc6 17. Bc3 Nd4 18. Qd1 Bg4 19. f3 Be6 20. e3 Nc6 21. Rb1 Nb4 22. Qe2 Bf5 23. e4 Be6 {Atoyan,A (2235)-Aronian,L (2747) chess.com INT 2025 0-1 (57)}) 9... f5 $146 ({RR} 9... Bf5 10. d3 Nb4 11. Ne1 Qd7 12. a3 Nbc6 13. Nc2 Bg4 14. Qd2 Bh3 15. Rad1 Bxg2 16. Kxg2 d5 17. e4 dxc4 18. bxc4 Nd4 19. Nxd4 exd4 20. Nd5 Nxd5 21. exd5 b5 22. Rfe1 bxc4 23. dxc4 Qa4 24. Qd3 {Nabaty,T (2638)-Quparadze,G (2476) Chess.com INT 2021 0-1}) ({RR} 9... Bf5 10. d3 Nb4 11. Ne1 Qd7 12. a3 Nbc6 13. Nc2 Bg4 14. Qd2 Bh3 15. Rad1 Bxg2 16. Kxg2 d5 17. e4 dxc4 18. bxc4 Nd4 19. Nxd4 exd4 20. Nd5 Nxd5 21. exd5 b5 22. Rfe1 bxc4 23. dxc4 Qa4 24. Qd3 {Nabaty,T (2638)-Quparadze,G (2476) Chess.com INT 2021 0-1}) 10. a3 h6 11. Qc2 Be6 12. Rad1 Bf7 13. Qb1 g5 14. d3 Ng6 15. Nd5 g4 16. Nd2 h5 17. f3 Nce7 18. fxg4 Nxd5 19. cxd5 fxg4 20. b4 cxb4 21. axb4 h4 22. Rde1 Rc8 23. Nc4 Bh6 24. b5 Rc5 25. Ba3 Rxd5 26. Rxf7 Kxf7 27. Bxd5+ Kg7 28. Qd1 hxg3 29. hxg3 Qg5 30. Rf1 Rxf1+ 31. Qxf1 e4 32. Qf7+ 1-0